Państwa z najszybszymi maratończykami - Statystyki

Ogólne statystyki
  • Ten quiz został rozwiązany 4 420 razy
    4 338 od ostatniego zresetowania
  • Średni wynik to 11 z 18
Statystyki odpowiedzi
# Najlepszy wynik Kraj % Poprawnych
30 2:04:58 Stany Zjednoczone
94%
535 2:01:09 Kenia
83%
14 2:05:22 Francja
77%
16 2:06:33 Republika Południowej Afryki
77%
252 2:01:41 Etiopia
71%
17 2:05:11 Wielka Brytania
70%
9 2:04:51 Brazylia
68%
23 2:06:25 Hiszpania
68%
163 2:04:56 Japonia
60%
15 2:07:19 Włochy
60%
11 2:07:19 Meksyk
59%
10 2:07:19 Tanzania
50%
29 2:05:26 Maroko
48%
13 2:04:48 Uganda
47%
8 2:06:36 Portugalia
46%
8 2:07:20 Korea Południowa
35%
30 2:04:35 Erytrea
30%
8 2:06:58 Izrael
14%
Nie znaleziono quizów pasujących do podanych kryteriów
Rozkład punktacji
Procent ludzi z każdym wynikiem
Percentyl według liczby udzielonych odpowiedzi
Twoja historia wyników
Nie rozwiązałeś tego quizu od ostatniego zresetowania